| 000 | 00631nam a2200181Ia 4500 | ||
|---|---|---|---|
| 008 | 140527s9999 xx 000 0 und d | ||
| 020 | _a9780132839402 | ||
| 050 |
_aQA 76.9.A25 _b.P4485 2012 |
||
| 100 | _aPfleeger, Charles P. | ||
| 245 |
_aAnalyzing computer security : _ba threat/ vulnerability/ countermeasure approach / _cCharles P. Pfleeger, Shari Lawrence Pfleeger |
||
| 250 | _aInternational ed. | ||
| 260 |
_aUpper Saddle River, NJ : _bPrentice Hall, _cc2012. |
||
| 300 |
_a795 p. : _bill. ; _c24 cm. |
||
| 500 | _aIncludes bibliographical references and index. | ||
| 521 | _aIT | ||
| 942 |
_kFOR _cBK |
||
| 999 |
_c117418 _d117418 |
||